| 000 | 01000nmb a2200265uu 4500 | ||
|---|---|---|---|
| 001 | 13311 | ||
| 003 | HDC | ||
| 007 | cr aa aaaau | ||
| 008 | 210212p2007 my ||||| |||| 00| 0 eng d | ||
| 022 | _a1511-2780 | ||
| 040 | _aHDC | ||
| 100 |
_aAhmad Tarmizi Hashim _eauthor _914055 |
||
| 245 | 0 |
_aDevelopment of the MPOB Fast Transfer Technique (MoFaTT) system for maintenance and maturation of oil palm culture aggregates / by _cAhmad Tarmizi Hashim |
|
| 260 |
_aKuala Lumpur : _bMalaysian Palm Oil Board, _c2007 |
||
| 300 | _a1 online resource (5 pages) | ||
| 336 |
_atext _2rdacontent |
||
| 337 |
_acomputer _2rdamedia |
||
| 338 |
_aonline resource _2rdacarrier |
||
| 650 |
_aMPOB Fast Transfer Technique (MoFaTT) _914092 |
||
| 650 |
_aoil palm culture _914005 |
||
| 856 | _zRequest full-text at [email protected] | ||
| 942 | _2lcc | ||
| 942 | _cAR | ||
| 942 | _kJART 001495 | ||
| 999 |
_c10627 _d10627 |
||